01327nas a2200181 i 4500001001000000003001000010005001700020008004100037022001300078040003000091041000800121100004300129245013600172520061800308650003700926700003900963773014301002768714001CO-MdFUSB20240826082419.0220909t1994 ck ||||| |||| 00| 0 spa d a01200828 bspacCO-MdFUSBdCO-MdFUSB aspa aUsme Sánchez, José Duvier, eautor14aLos Indios Koreguaje :bimpacto de la bonanza de la coca en su cultura.c/ José Duvier Usme Sánchez , Ana Leticia Hoyos Salazar aLa parte central empieza planteando un análisis a partir de la nueva significación del uso de la coca como objeto que representa un valor monetario. El análisis de la cultura Koreguaje en la actualidad y de los cambios que ha sufrido por el impacto de la bonanza coquera, se tratan por segmentos culturales del sistema económico, la estructura social y el sistema ideológico. Finalmente, tratamos de resumir los principales resultados y de facilitar algunas recomendaciones generales para superar la crisis actual que viven los indígenas Koreguaje, como consecuencia de una inesperada bonanza coquera. 7aAntropología cultural y social aHoyos Salazar, Ana Leticia,eautor0 049438dCentro Antropológico ColombianooR1693tEthniaw(CO-MdFUSB)768714001gVolumen 74, (octubre, 1994), páginas: 6 - 95qpágina: 6